00338nam a22001217a 450000500170000000800410001704100130005808200150007110000300008624500500011630000250016665000250019120231123140200.0231123b |||||||| |||| 00| 0 eng d aEnglish  a341.5 DUP  adu Plessis, PW lEnglish  aArbitration - A New Approach cPW du Plessis  b102 pages ; c22 cm. aLegal practice bLaw